Statistics for Province Quiz - Manitoba

Click here to take the quiz!

General Stats

  • This quiz has been taken 286 times
    (122 since last reset)
  • The average score is 12 of 20

Answer Stats

HintAnswer% Correct
Capital city of ManitobaWinnipeg
94%
The above is named after a ...Lake
90%
Oceanic bay Manitoba bordersHudson Bay
86%
Collective name of Alberta, Saskatchewan, and ManitobaThe {Prairie} Provinces
82%
Most common nickname of ManitobaLand of 100,000 {Lakes}
75%
Port city named for the 1st Duke of MarlboroughChurchill
64%
Major lake shared by Minnesota and OntarioLake of the {Woods}
64%
Type of animal that can be seen roaming the streets of the abovePolar Bear
64%
Name of the NHL team of ManitobaJets
61%
In 1942, the If Day was a simulated invasion and occupation of
the capital by this country
Germany
60%
Iconic fictional bear that was inspired by a black bear named after the capitalWinnie-the-Pooh
57%
The town of Gimli is home to the largest diaspora of people from this island-nationIceland
51%
River on which that city is locatedRed River
51%
Most populous city in northern Manitoba
(hint: namesake of a famous British actress named Emma)
Thompson
50%
Second most populous city in ManitobaBrandon
49%
Singer of "Harvest Moon" and "Cinnamon Girl"Neil Young
40%
Largest winter festival in Western CanadaFestival du {Voyageur}
37%
Founder of Manitoba
(hint: shares his last name with the currency of Cambodia)
Louis Riel
35%
Rock band whose members include Randy Bachman and Burton CummingsThe Guess Who
31%
Canadian prime minister who was an MP for Portage la Prairie, ManitobaArthur {Meighen}
17%

Score Distribution

Percentile by Number Answered

Percent of People with Each Score

Your Score History

You have not taken this quiz since the last reset